000 nam a22 7a 4500
999 _c9943
_d9943
008 180208b ||||| |||| 00| 0 eng d
100 _aMedransity Online Ltd
_96001
245 _aBasics Human Anatomy
260 _bMedarsity Online